00480nam a2200145Ia 4500008004100000082001600041100002000057245002200077260003600099300001000135600001500145942000700160952015000167999001700317250611s9999 xx 000 0 und d a823.912 EDW aEdwards, Monica 0aJoan Goes Farming aLondon:bThe Bodley Head,c1955 a189p. aLiterature cGB 00102ddc4070aUITUbUITUcGIFd2025-06-10eGifted by Anonymousl0o823.912 EDWpG321r2025-06-12 14:56:13w2025-06-12yGBzGifted by Anonymous c31483d31483